000 03043cam a2200349 4500500
005 20260329004743.0
041 _afre
042 _adc
100 1 0 _aBertrand, Dominique
_eauthor
245 0 0 _aL'incommensurable. Le pas de danse qui fait l'humain
260 _c2010.
500 _a90
520 _aRésuméLa transmission des droits de l’homme – en miroir de la transmission de l’art musical – apparaît comme transmission d’une relation paradoxale entre mesure et démesure, paradoxe qui « fait » l’humain. Le passage du modèle cosmique immuable et parfait – hérité des anciens – à la vision moderne s’opère au xviie siècle, au moment où la musique passe du « Modal » au « Tonal » par le fait d’introduire la tension propre à la dissonance du Diabolus-in-musica dans le modèle imitant la perfection céleste de la musique des Sphères. C’est aussi le passage d’une référence fixe à une référence mutable, caractéristisque de cette entrée dans la modernité.
520 _aThe transmission of human rights – in mirror of the transmission of musical art – appears as transmission of a paradoxical relationship between measure and no-commensurable, paradox which « makes » the human being. The passage of the irremovable and perfect cosmic model – inherited from ancient – in modern vision takes place in xviie siècle, at the time when music passes from the « Modal » to the « Tonal » by introduction of the tension of the dissonance (Diabolus-in-musica) inside the model imitating the celestial perfection of the music of Spheres. It is also the passage of a reference fixes to a variable, caractéristisque of this entrance in times of modernity
520 _aResumenLa transmisión de los derechos humanos – en espejo de la transmisión del arte musical – aparece como transmisión de una relación paradójica entre medida y desmesura, paradoja que « hace » al humano. La transicion del modelo cósmico inmutable y perfecto – heredado de los antiguos – a la visión moderna se produce a xviie siècle, en el momento en el que la música pasa del « Modal » a « Tonal » por el hecho de introducir la tensión spécifica de la disonancia (el Diabolus-in-musica) adentro del modelo que imita la perfección de la música de las Esferas. Es también el paso de una referencia fija a una referencia mudable, caractéristisca de esta entrada a la modernidad.
690 _aDiabolus-in-musica
690 _aincommensurable
690 _amusique
690 _amutation historique
690 _apoétique
690 _apolitique
690 _atransmission
690 _aDiabolus-in-musica
690 _ahistorical
690 _amusic
690 _ano commensurable
690 _apoetic mutation
690 _apolitical
690 _atransmission
786 0 _nInsistance | 4 | 1 | 2010-11-29 | p. 47-52 | 1778-7807
856 4 1 _uhttps://shs.cairn.info/revue-insistance-2010-1-page-47?lang=fr&redirect-ssocas=7080
999 _c1836971
_d1836971